| 000 | 00000nam 2200000za 4500 |
| 001 | 9.675603 |
| 003 | CaOODSP |
| 005 | 20250508140037 |
| 007 | cr ||||||||||| |
| 008 | 150407s2002 onc|||||o f|0| 0 por d |
| 040 | |aCaOODSP|beng |
| 043 | |an-cn--- |
| 086 | 1 |aS53-28/2002Por-PDF |
| 110 | 1 |aCanada. |bPublic Works and Government Services Canada. |bTranslation Bureau. |
| 245 | 10|aManual de terminologia |h[electronic resource] / |cSilvia Parvel and Diane Nolet. |
| 250 | |a[Portuguese edition]. |
| 260 | |aOttawa : |bPublic Works and Government Services Canada, |cc2002. |
| 300 | |a166 p. : |bgraphs, tables. |
| 500 | |aIncorrect catalogue number (S53-28/2002) and ISBN (0-660-61616-5) printed in this publication. |
| 546 | |aText in Portuguese. |
| 590 | |a11-31-Supp|b2011-12-13 |
| 700 | 1 |aNolet, Diane. |
| 700 | 1 |aParvel, Silvia. |
| 775 | 08|tPrécis de terminologie |w(CaOODSP)9.634201 |
| 775 | 08|tHandbook of terminology |w(CaOODSP)9.689804 |
| 792 | |tManual de terminologia |efre|w(CaOODSP)9.675604 |
| 856 | 40|ahttp://publications.gc.ca|qPDF|s2.30 MB|uhttps://publications.gc.ca/collections/collection_2011/tpsgc-pwgsc/S53-28-2002-por.pdf |